| 000 | 00499nam a2200181Ia 4500 | ||
|---|---|---|---|
| 999 |
_c30391 _d30391 |
||
| 003 | OSt | ||
| 005 | 20201009120625.0 | ||
| 008 | 190216s9999||||xx |||||||||||||| ||und|| | ||
| 020 | _a9788126423941 | ||
| 040 | _coclc | ||
| 082 |
_a004 _bRAV/V |
||
| 100 |
_aRavindran, K _95527 |
||
| 245 | 0 |
_aVivarashekharanam Internettil / _cK Ravindran |
|
| 250 | _a1st Ed. | ||
| 260 |
_bD C Books Kerala, _c2009. _aKottayam: |
||
| 300 | _a103p | ||
| 942 |
_cBK _2ddc _h004 _iRAV/V _k004 _mRAV/V |
||